000 02256cam a2200193 4500500
005 20260208003033.0
041 _afre
042 _adc
100 1 0 _aOuakrat, Alan
_eauthor
700 1 0 _aBeuscart, Jean-Samuel
_eauthor
700 1 0 _aMellet, Kevin
_eauthor
245 0 0 _aLes régies publicitaires de la presse en ligne
260 _c2010.
500 _a45
520 _aRésuméCet article s’intéresse aux régies publicitaires des sites de presse sur internet. Nous décrivons tout d’abord leur inscription organisationnelle dans les entreprises de presse. Nous étudions ensuite leur positionnement sur le marché de la publicité graphique en ligne ( display), en soulignant le déséquilibre global des rapports de forces entre offreurs (régies) et demandeurs (agences media). Nous montrons enfin qu’il existe deux conventions concurrentes de qualification des produits publicitaires, une convention « traditionnelle » valorisant bien les produits des sites de presse, et une convention de « performance » moins favorable. La prolifération des équipements de la convention de performance fait qu’une partie des produits des régies de la presse sont soumis à un processus de déqualification-requalification, qui se traduit par une baisse des prix.
520 _aThis article examines on-line press advertising departments. The authors begin by describing these departments’ organizational embeddedness in the firm. They then study their positioning in the on-line display advertising market and highlight the overall power imbalance between supply (advertising departments) and demand (media agencies). Finally, they show that two competing conventions exist in the qualification of advertising products: a «traditional» convention that promotes press websites’ products; and a «performance» convention that is less suitable to them. The proliferation of performance convention equipment has meant that some press advertising department products are subject to a process of disqualification-requalification that results in a drop in prices.
786 0 _nRéseaux | 160-161 | 2 | 2010-04-23 | p. 133-161 | 0751-7971
856 4 1 _uhttps://shs.cairn.info/revue-reseaux-2010-2-page-133?lang=fr&redirect-ssocas=7080
999 _c1646815
_d1646815